The Messiah and the Jews : (Registro nro. 9803)

Detalles MARC
000 -LEADER
campo de control de longitud fija 03690cam a2200529 i 4500
003 - IDENTIFICADOR DE NÚMERO DE CONTROL
campo de control PE-LiUPU
005 - FECHA Y HORA DE LA ÚLTIMA TRANSACCIÓN
campo de control 20250731172850.0
008 - DATOS DE LONGITUD FIJA--INFORMACIÓN GENERAL
campo de control de longitud fija 130131s2013 vtu b 001 0 eng
020 ## - NÚMERO INTERNACIONAL ESTÁNDAR DEL LIBRO
Número Internacional Estándar del Libro 1580236901
020 ## - NÚMERO INTERNACIONAL ESTÁNDAR DEL LIBRO
Número Internacional Estándar del Libro 9781580236904
035 ## - NÚMERO DE CONTROL DEL SISTEMA
Número de control de sistema (Sirsi) i9781580236904
040 ## - FUENTE DE CATALOGACIÓN
Centro catalogador/agencia de origen DLC
Lengua de catalogación eng
Normas de descripción rda
Centro/agencia transcriptor DLC
Centro/agencia modificador YDXCP
-- BTCTA
-- OCLCO
-- ABG
-- BWX
-- OCLCF
-- OCLCQ
-- CHVBK
049 ## - FONDOS LOCALES (OCLC)
Biblioteca depositaria PRUA
082 00 - NÚMERO DE LA CLASIFICACIÓN DECIMAL DEWEY
Número de clasificación 296.336
Cutter G53
Número de edición 23
100 1# - ENTRADA PRINCIPAL--NOMBRE DE PERSONA
Nombre de persona Glickman, Elaine Rose,
Término indicativo de función/relación autor.
245 14 - MENCIÓN DEL TÍTULO
Título The Messiah and the Jews :
Resto del título Three thousand years of tradition, belief, and hope /
Mención de responsabilidad, etc. Rabbi Elaine Rose Glickman ; foreword by Rabbi Neil Gillman, PhD ; preface by Rabbi Judith Z. Abrams, PhD.
264 #1 - PRODUCCIÓN, PUBLICACIÓN, DISTRIBUCIÓN, FABRICACIÓN Y COPYRIGHT
Producción, publicación, distribución, fabricación y copyright Woodstock, Vt. :
Nombre del de productor, editor, distribuidor, fabricante Jewish Lights Publishing,
Fecha de producción, publicación, distribución, fabricación o copyright 2013.
300 ## - DESCRIPCIÓN FÍSICA
Extensión xxi, 151 páginas ;
Dimensiones 23 centímetros.
336 ## - TIPO DE CONTENIDO
Término de tipo de contenido text
Código de tipo de contenido txt
Fuente rdacontent
337 ## - TIPO DE MEDIO
Nombre/término del tipo de medio unmediated
Código del tipo de medio n
Fuente rdamedia
338 ## - TIPO DE SOPORTE
Nombre/término del tipo de soporte volume
Código del tipo de soporte nc
Fuente rdacarrier
504 ## - NOTA DE BIBLIOGRAFÍA, ETC.
Nota de bibliografía, etc. Bibliografía : páginas 143-147.
504 ## - NOTA DE BIBLIOGRAFÍA, ETC.
Nota de bibliografía, etc. Indice : páginas 148-151.
505 0# - NOTA DE CONTENIDO CON FORMATO
Nota de contenido con formato The Messiah is coming! Where is the Messiah now? ; When will the Messiah come? ; Can we make the Messiah come faster? ; How will the Messiah appear? ; Has the Messiah been revealed before? ; How can we recognize the true Messiah? -- The Messiah will rule over Israel. What does "Messiah" mean? ; Why must the Messiah be descended from King David? ; Why do Messianic hopes focus on Israel? ; What is the "ingathering of the exiles"? ; What is the relationship between the state of Israel and the Messiah? ; How did the Messiah become associated with supernatural elements? -- The Messiah is a warrior. What will the world be like just before the Messiah comes? ; What is apocalyptic literature? ; Against whom will the Messiah go to war? ; Who is the Messiah ben Joseph? ; Who is Hephzibah? ; How will the Messiah triumph? -- The Messiah will change everything. How will the natural world be different in the days of the Messiah? ; What will people be like in the Messianic Age? ; What will society be like in the Messianic Age? ; When the Messiah is here, how will Judaism be practiced? ; What is the resurrection of the dead? ; What is the feast of the righteous? -- The Messiah will establish God's dominion. Who is Elijah? ; What is the role of the shofar? ; Will the wicked be brought to justice in the Messianic Age? ; Will everyone be Jewish in the days of the Messiah? ; How will we relate to God in the Messianic Age? ; What is the connection between individual and communal redemption? -- The Messiah is us. Who is the "suffering servant"? ; What is the role of the Messiah in Hasidic Judaism? ; Who is Rabbi Schneerson? ; What did classical reform Judaism teach about the Messiah? ; What does modern liberal Judaism teach about the Messiah? ; Can we experience the Messiah?.
526 ## - NOTA DE INFORMACIÓN SOBRE EL PROGRAMA DE ESTUDIO
Nombre del programa Segunda Especialidad En Profecías Bíblicas
526 ## - NOTA DE INFORMACIÓN SOBRE EL PROGRAMA DE ESTUDIO
Nombre del programa Segunda Especialidad En Nuevo Testamento
526 ## - NOTA DE INFORMACIÓN SOBRE EL PROGRAMA DE ESTUDIO
Nombre del programa Segunda Especialidad En Antiguo Testamento
526 ## - NOTA DE INFORMACIÓN SOBRE EL PROGRAMA DE ESTUDIO
Nombre del programa Segunda Especialidad En Estudios Adventistas
526 ## - NOTA DE INFORMACIÓN SOBRE EL PROGRAMA DE ESTUDIO
Nombre del programa Doctorado en teología
526 ## - NOTA DE INFORMACIÓN SOBRE EL PROGRAMA DE ESTUDIO
Nombre del programa Maestría en teología histórica
526 ## - NOTA DE INFORMACIÓN SOBRE EL PROGRAMA DE ESTUDIO
Nombre del programa Maestría en teología bíblica
526 ## - NOTA DE INFORMACIÓN SOBRE EL PROGRAMA DE ESTUDIO
Nombre del programa Maestría en teología
526 ## - NOTA DE INFORMACIÓN SOBRE EL PROGRAMA DE ESTUDIO
Nombre del programa Maestría en misionología
526 ## - NOTA DE INFORMACIÓN SOBRE EL PROGRAMA DE ESTUDIO
Nombre del programa Maestría en liderazgo eclesiástico
526 ## - NOTA DE INFORMACIÓN SOBRE EL PROGRAMA DE ESTUDIO
Nombre del programa Teología
541 ## - NOTA DE FUENTE DE ADQUISICIÓN DIRECTA
-- 9.70,
596 ## -
-- 1
650 #0 - PUNTO DE ACCESO ADICIONAL DE MATERIA--TÉRMINO DE MATERIA
Término de materia o nombre geográfico como elemento de entrada era mesiánica (Judaismo)
650 #0 - PUNTO DE ACCESO ADICIONAL DE MATERIA--TÉRMINO DE MATERIA
Término de materia o nombre geográfico como elemento de entrada Mesías
Subdivisión general Judaismo.
700 1# - ENTRADA AGREGADA--NOMBRE PERSONAL
Nombre de persona Gillman, Rabbi Neil,
Término indicativo de función/relación prologuista.
700 1# - ENTRADA AGREGADA--NOMBRE PERSONAL
Nombre de persona Z. Abrams, Rabbi Judith,
Término indicativo de función/relación prologuista.
910 ## - DATOS DE OPCIÓN DEL USUARIO (OCLC)
-- ck
-- hop
-- hop
-- 20160607
942 ## - ELEMENTOS DE ENTRADA SECUNDARIOS (KOHA)
Fuente del sistema de clasificación o colocación Clasificación Decimal Dewey
Tipo de ítem Koha
949 ## - PROCESAMIENTO DE INFORMACIÓN LOCAL (OCLC)
a 296.336 G53
w DEWEY
c 1
i 73260
l CCODEBUL1
m BUL
p 29.70
r 0
s Y
t BOOK
u 2016-6-7
x TEOLOGIA
-- P85
0 COMPRA
o .STAFF. Posgrado
994 ## -
-- C0
-- PEPRU
999 ## - NÚMEROS DE CONTROL DE SISTEMA (KOHA)
-- DEWEY
-- 73260
-- 2021-11-11
-- 5
-- CCODEBUL1
-- BUL
-- 29.70
-- 0
-- Y
-- BOOK
-- 2016-6-7
-- TEOLOGIA
-- P85
-- COMPRA
-- .STAFF. Posgrado
980 ## - EQUIVALENCIA O REFERENCIA-CRUZADA-MENCIÓN DE SERIE--NOMBRE DE PERSONA/TÍTULO [LOCAL, CANADÁ]
ID del último usuario que modificó el registro 1
Nombre del último usuario que modificó el registro ALBERTO SANCHEZ Responsable de Automatización
Existencias
Visto por última vez Número de inventario Total de préstamos Signatura topográfica completa Código de barras Copia número Coste, precio de reemplazo Fecha de reemplazo Facultad Tipo de ítem Koha Nota pública Estado de pérdida Fuente del sistema de clasificación o colocación Restricciones de uso No para préstamo Colección Programa académico Biblioteca de origen Biblioteca actual Ubicación en estantería Fecha de adquisición Fuente de adquisición Coste, precio normal de compra
2025-12-02 6   296.336 G53 73260 e1 34.70 2016-06-07   Libros físicos inventario-2023-12-13 No Perdido Clasificación Decimal Dewey No restringido Disponible para préstamos Colección General Maestría en teología Biblioteca CRAI UPeU Lima Biblioteca CRAI UPeU Lima Sala principal 2016-06-07 COMPRA 29.70